00742cam a22002293a 45000010005000000030006000050050017000110080041000280400015000690420007000840500007000911000029000982450114001272600029002415060030002705160020003006530046003206530029003666530048003958300028004438560041004711576PGUSA20140828083003.0981201s1998||||xxu|||||s|||||000 | eng d aPGUSAbeng adc 4aGV1 aBenton, Joel,d1832-191112aA Unique Story of a Marvellous Career :bLife of Hon. Phineas T. Barnumh[electronic resource] /cJoel Benton bProject Gutenberg,c1998 aPublic domain in the USA. aElectronic text aBarnum, P. T. (Phineas Taylor), 1810-1891 aBarnum's American Museum aCircus owners -- United States -- Biography 0aProject Gutenbergv157640uhttp://www.gutenberg.org/ebooks/1576